000 00536cab a2200205 4500
001 ABS50407
008 090401t1994 xxu||||| |||| 00| 0 eng d
035 _a(Sirsi) u75579
041 _aeng
110 _aAnthony Williams and Partners
_93
245 _aChaucer College, Canterbury
260 _c1994
350 _a0
490 _aBuilding
_v259(7839) 15 april 1994, 31-38(7)
650 _aCOST ANALYSIS
650 _aEDUCATIONAL BUILDINGS
690 _aBUILDING AND CONSTRUCTION-PROJECTS
942 _n0
948 _c04/03/1997
999 _c47549
_d47549